| 000 | 00467nam a22001817a 4500 | ||
|---|---|---|---|
| 003 | MPLRDC | ||
| 005 | 20220104124437.0 | ||
| 008 | 210129b ||||| |||| 00| 0 eng d | ||
| 020 | _a967-934-231-X | ||
| 082 | _a859.6 ETGS v.11 | ||
| 100 | _a不详 | ||
| 245 |
_a孙悟空大闹莲花洞 _c |
||
| 260 |
_a _b马来亚文化事业有限公 _c1993 |
||
| 300 | _b平 | ||
| 490 | _a儿童故事丛书 | ||
| 650 | _a儿童故事; 神话 | ||
| 942 |
_cBK _o859.6 ETGS v.11 |
||
| 999 |
_c19375 _d19365 |
||